00511nam a2200133Ia 4500008004100000041000800041100002800049245009300077260003700170300000900207700004100216999001900257952010100276250110s9999 xx 000 0 und d aeng aChavan Priyanka9182655 aEnhance Indoor Air Quality And Thermal Comfort Throug Natural Ventilation In Restaurants bM.Arch Environmental, Punec2014 a150p aGuide Name:Kulkarni Prajakta9210330 c363522d363522 00104070aBNCAbBNCAd2014-06-13l0pBNCA-PR-1022r2025-01-10 00:00:00w2025-01-10yPRzPR1022